| 000 | 00492nam a2200205Ia 4500 | ||
|---|---|---|---|
| 003 | GCL | ||
| 008 | 140319s9999 xx 000 0 eng d | ||
| 040 |
_aGCL / _cGCL |
||
| 082 | 0 | 4 |
_a915.20449 _bK N |
| 100 | 1 | _aKANNO, EIJI | |
| 245 | 1 | 0 |
_aNEW JAPAN SOLO / _cKANNO, EIJI |
| 700 | 1 | _aKEEFE, CONSTANCE | |
| 260 |
_a[S.N] : _bKODANSHA INTERNATIONAL ، _c1993 |
||
| 650 | 0 | 4 | _aMAPS |
| 650 | 0 | 4 | _aJAPAN |
| 650 | 0 | 4 | _aTRAVELS |
| 650 | 0 | 4 | _aTRAVEL |
| 650 | 0 | 4 | _aGUIDE BOOKS |
| 942 |
_2ddc _cBK |
||
| 999 |
_c19281 _d19281 |
||